IBM SPSS Essentials: Managing and Analyzing Social Sciences Data/ by John Kulas, Renata Garcia Prieto Palacios Roji, Adam Smith (Record no. 52395)

MARC details
000 -LEADER
fixed length control field 00718nam a22002177a 4500
003 - CONTROL NUMBER IDENTIFIER
control field OSt
008 - FIXED-LENGTH DATA ELEMENTS--GENERAL INFORMATION
fixed length control field 260627b |||||||| |||| 00| 0 eng d
020 ## - INTERNATIONAL STANDARD BOOK NUMBER
International Standard Book Number 9781119417422
082 ## - DEWEY DECIMAL CLASSIFICATION NUMBER
Classification number 300.28555
Item number K96I
100 ## - MAIN ENTRY--PERSONAL NAME
Personal name Kulas, John
245 ## - TITLE STATEMENT
Title IBM SPSS Essentials: Managing and Analyzing Social Sciences Data/ by John Kulas, Renata Garcia Prieto Palacios Roji, Adam Smith
260 ## - PUBLICATION, DISTRIBUTION, ETC. (IMPRINT)
Place of publication, distribution, etc New Jersey:
Name of publisher, distributor, etc Wiley,
Date of publication, distribution, etc 2018.
300 ## - PHYSICAL DESCRIPTION
Extent xix, 267 p.
650 ## - SUBJECT ADDED ENTRY--TOPICAL TERM
Topical term or geographic name as entry element Social sciences
650 ## - SUBJECT ADDED ENTRY--TOPICAL TERM
Topical term or geographic name as entry element Computer applications / Data processing
650 ## - SUBJECT ADDED ENTRY--TOPICAL TERM
Topical term or geographic name as entry element Statistical data analysis and management
650 ## - SUBJECT ADDED ENTRY--TOPICAL TERM
Topical term or geographic name as entry element IBM SPSS software
700 ## - ADDED ENTRY--PERSONAL NAME
Personal name Roji, Renata Garcia Prieto Palacios
700 ## - ADDED ENTRY--PERSONAL NAME
Personal name Smith, Adam
942 ## - ADDED ENTRY ELEMENTS (KOHA)
Source of classification or shelving scheme
Koha item type Books
Holdings
Withdrawn status Lost status Source of classification or shelving scheme Damaged status Not for loan Home library Current library Shelving location Date acquired Source of acquisition Cost, normal purchase price Total Checkouts Full call number Barcode Date last seen Bill Date Koha item type Bill Number
          Dr. Rajendra Prasad Central Agricultural University Pusa, Dr. Rajendra Prasad Central Agricultural University Pusa, General Stacks 27/06/2026 Today & Tomorrow Printers and Publishers 7204.00   300.28555 K96I 87607 27/06/2026 29/01/2026 Books Bill No. IN-00449
Hosted, Implemented, Customized & Maintained by: BestBookBuddies

Powered by Koha